| 000 | 00775nam a2200217 a 4500 | ||
|---|---|---|---|
| 001 | 000024437 | ||
| 005 | 20200930023156.0 | ||
| 008 | 110127s1978 ag r 001 0 spa d | ||
| 040 |
_aDO-SdBNP _bspa _cBNPHU |
||
| 041 | 1 | 7 |
_aspa _heng _2Código de idiomas MARC |
| 082 |
_ann* _bnn* |
||
| 100 | 1 |
_aLowrange, William W. _950102 |
|
| 240 | 1 | 0 |
_aOf acceptable risk. _lEspañol |
| 245 | 1 | 3 |
_aEL riesgo aceptable : _bciencia y seguridad / _cWilliam W. Lowrance ; traducción de Ines Pardal. |
| 260 |
_aBuenos Aires : _bTres Tiempos, _c1978. |
||
| 300 |
_a254 p. ; _c20 cm. |
||
| 534 |
_aTítulo de la obra en inglés : _tOf acceptable risk |
||
| 500 | _aIncluye referencias bibliográficas y notas al pie de las páginas. | ||
| 700 | 1 |
_aPardal, Inés, _etr. _950103 |
|
| 049 | _aBNGR | ||
| 999 |
_c23930 _d23930 |
||